| 000 | 01483 am a2200385 a 4500 | ||
|---|---|---|---|
| 005 | 20240524082441.0 | ||
| 008 | 100310s1991||||mdud f |||| 001 0 spa d | ||
| 020 | _a9275320446 | ||
| 041 | _aspa | ||
| 092 |
_c614.4 _l15 _sDEV |
||
| 100 | 1 |
_aDever, G. E. Alan. _9568 |
|
| 245 |
_aEpidemiología y administración de servicios de salud / _cG. E. Alan Dever. |
||
| 250 | _a1a ed. | ||
| 260 |
_aMaryland: _bOPS/OMS; _c1991. |
||
| 300 | _a417 p. | ||
| 500 | _aDever, G. E. A. (1991). Epidemiología y administración de servicios de salud. (1a ed.). Maryland : OMS/OPS. | ||
| 590 | _aCompra 2009 | ||
| 653 | _aEpidemiología y prevención | ||
| 653 | _aEpidemiología y politica sanitaria | ||
| 653 | _aEpidemiología en la administración de los servicios de salud | ||
| 653 | _aMediciones epidemiológicas | ||
| 653 | _aIdentificación de problemas: determinación de prioridades | ||
| 653 | _aEpidemiología descriptiva: la persona | ||
| 653 | _aEpidemiología descriptiva: lugar y tiempo | ||
| 653 | _aEpidemiología de la utilización de los servicios de salud | ||
| 653 | _aDemografía como herramienta de la epidemiología | ||
| 653 | _aMarketing, epidemiología y administración | ||
| 653 | _aEpidemiología y marketing: análisis de un caso | ||
| 653 | _aEpidemiología y el medio ambiente | ||
| 653 | _aPerspectivas de la epidemiología en la administración de salud | ||
| 930 | _a2077 | ||
| 930 | _a2078 | ||
| 930 | _a2079 | ||
| 942 |
_2ddc _cBK |
||
| 999 |
_c71 _d71 |
||